[Event "Montreal Ligue elite du dimanche"]
[Site "Montreal"]
[Date "2018.05.26"]
[Round "1"]
[White "Zhong, Kevin"]
[Black "Johnson Constantin, Matthieu"]
[Result "0-1"]
[WhiteElo "2080"]
[BlackElo "2054"]
[PlyCount "64"]
[EventDate "2018.05.26"]
[EventType "swiss"]
[EventRounds "3"]
[EventCountry "CAN"]
[SourceTitle "EXT 2022"]
[Source "ChessBase"]
[SourceDate "2021.10.06"]
[SourceVersion "1"]
[SourceVersionDate "2021.10.06"]
[SourceQuality "1"]
[WhiteTeam "PODY"]
[BlackTeam "We are Groots"]
[WhiteTeamCountry "CAN"]
[BlackTeamCountry "CAN"]

1. e4 e6 2. Nf3 d5 3. Nc3 Nf6 4. e5 Nfd7 5. d4 Bb4 6. a3 Bxc3+ 7. bxc3 c5 8. Bd3 Qa5 9. Bd2 Qa4 10. 0-0 Nc6 11. Be3 b6 12. Qd2 Ba6 13. Bxa6 Qxa6 14. Ne1 Qa5 15. Qd3 Rc8 16. f4 Qa4 17. Nf3 Ne7 18. g4 cxd4 19. Bxd4 Nc5 20. Bxc5 Rxc5 21. Nd4 Nc6 22. Nxc6 Qxc6 23. Rf3 Rc4 24. h3 0-0 25. f5 Rc8 26. fxe6 fxe6 27. Qd2 Rxc3 28. Rff1 Rxc2 29. Qf4 Qc5+ 30. Kh1 Rf8 31. Qg5 d4 32. Rxf8+ Qxf8 0-1

[Event "Trois-Rivieres op"]
[Site "Trois Rivieres"]
[Date "2018.03.17"]
[Round "3.21"]
[White "Johnson Constantin, Matthieu"]
[Black "Tanaka, Taira Tyler"]
[Result "1/2-1/2"]
[WhiteElo "2024"]
[BlackElo "2118"]
[PlyCount "60"]
[EventDate "2018.03.16"]
[EventType "swiss"]
[EventRounds "5"]
[EventCountry "CAN"]
[SourceTitle "EXT 2022"]
[Source "ChessBase"]
[SourceDate "2021.10.06"]
[SourceVersion "1"]
[SourceVersionDate "2021.10.06"]
[SourceQuality "1"]

1. e4 c5 2. Nf3 d6 3. Bb5+ Nd7 4. a4 Ngf6 5. Nc3 g6 6. 0-0 a6 7. Bc4 Bg7 8. d3 0-0 9. h3 b6 10. Re1 Bb7 11. Bf4 e5 12. Be3 Qc7 13. Qd2 Bc6 14. Re2 Qb7 15. Bh6 b5 16. Bb3 Rfe8 17. Bxg7 Kxg7 18. Qg5 c4 19. axb5 axb5 20. Rxa8 Rxa8 21. dxc4 bxc4 22. Bxc4 h6 23. Qd2 Nxe4 24. Nxe4 Bxe4 25. Kh2 Rc8 26. Ba6 Qxa6 27. Rxe4 Nf6 28. Rh4 h5 29. c3 Qb6 30. Rb4 Qc5 1/2-1/2

[Event "Montreal Varennes op"]
[Site "Montreal"]
[Date "2017.10.08"]
[Round "5"]
[White "Rodrigue Lemieux, Shawn"]
[Black "Johnson Constantin, Matthieu"]
[Result "1-0"]
[WhiteElo "2151"]
[BlackElo "1829"]
[PlyCount "57"]
[EventDate "2017.10.06"]
[EventType "swiss"]
[EventRounds "5"]
[EventCountry "CAN"]
[SourceTitle "CBM 181 Extra"]
[Source "ChessBase"]
[SourceDate "2017.12.12"]
[SourceVersion "1"]
[SourceVersionDate "2017.12.12"]
[SourceQuality "1"]

1. e4 e6 2. d4 d5 3. Nd2 Nf6 4. e5 Nfd7 5. f4 c5 6. c3 Nc6 7. Ndf3 Qb6 8. g3 Be7 9. Ne2 Ndb8 10. Bh3 Bd7 11. 0-0 Na6 12. Kh1 cxd4 13. Nexd4 g6 14. b4 Rc8 15. Be3 Nxd4 16. Bxd4 Qc7 17. Qd2 Bb5 18. Rf2 b6 19. a4 Bc4 20. Kg1 Nb8 21. Bg2 Qd7 22. g4 h5 23. h3 hxg4 24. hxg4 Bb3 25. f5 Nc6 26. fxg6 f6 27. Bf1 Bxa4 28. Rxa4 Nxd4 29. Nxd4 1-0

[Event "Montreal Varennes op"]
[Site "Montreal"]
[Date "2017.10.07"]
[Round "3"]
[White "Huang, Qiuyu"]
[Black "Johnson Constantin, Matthieu"]
[Result "1-0"]
[WhiteElo "2153"]
[BlackElo "1829"]
[PlyCount "51"]
[EventDate "2017.10.06"]
[EventType "swiss"]
[EventRounds "5"]
[EventCountry "CAN"]
[SourceTitle "CBM 181 Extra"]
[Source "ChessBase"]
[SourceDate "2017.12.12"]
[SourceVersion "1"]
[SourceVersionDate "2017.12.12"]
[SourceQuality "1"]

1. e4 e6 2. d4 d5 3. Nc3 Bb4 4. e5 c5 5. a3 Bxc3+ 6. bxc3 Qa5 7. Bd2 Qa4 8. Nf3 Nc6 9. dxc5 Nge7 10. Bd3 Ng6 11. Qe2 Bd7 12. g3 Rc8 13. h4 Qg4 14. Qe3 Nge7 15. h5 Nf5 16. Qf4 Qxf4 17. Bxf4 Na5 18. g4 Ne7 19. h6 g6 20. Bg5 Nec6 21. Bf6 0-0 22. Nh2 Rfe8 23. Bg7 f5 24. exf6 e5 25. Bxg6 hxg6 26. Nf3 1-0

[Event "Montreal Varennes op"]
[Site "Montreal"]
[Date "2017.10.07"]
[Round "2"]
[White "Johnson Constantin, Matthieu"]
[Black "Dukic, Zachary"]
[Result "1-0"]
[WhiteElo "1829"]
[BlackElo "2020"]
[PlyCount "105"]
[EventDate "2017.10.06"]
[EventType "swiss"]
[EventRounds "5"]
[EventCountry "CAN"]
[SourceTitle "CBM 181 Extra"]
[Source "ChessBase"]
[SourceDate "2017.12.12"]
[SourceVersion "1"]
[SourceVersionDate "2017.12.12"]
[SourceQuality "1"]

1. e4 e5 2. Nf3 Nc6 3. Bb5 a6 4. Ba4 Nf6 5. d3 Bc5 6. c3 d6 7. h3 0-0 8. Nbd2 b5 9. Bc2 d5 10. 0-0 Bb6 11. Re1 Re8 12. Nf1 h6 13. g4 d4 14. Ng3 Nxg4 15. hxg4 Bxg4 16. Kg2 Qf6 17. Rh1 Re6 18. Bb3 Rd6 19. Bd5 Rad8 20. Qe2 Ne7 21. c4 c6 22. Bd2 cxd5 23. cxd5 Ng6 24. Nh5 Bxh5 25. Rxh5 Nf4+ 26. Bxf4 Qg6+ 27. Bg3 Qxh5 28. Rh1 Qg4 29. Rh4 Qc8 30. Nxe5 Rf6 31. Ng4 Rg6 32. Ne5 Rf6 33. Ng4 Rg6 34. Ne5 Rg5 35. f4 Rxe5 36. fxe5 Qc1 37. Rh1 Qg5 38. Kf3 Rc8 39. Bf4 Qe7 40. Qg2 Kh7 41. Qh3 Qf8 42. Qf5+ Kh8 43. Bxh6 gxh6 44. Qf6+ Kh7 45. Qxb6 Qg7 46. Qf6 Qxf6+ 47. exf6 Kg6 48. Kf4 Kxf6 49. Rxh6+ Ke7 50. Rxa6 Rc2 51. Ke5 f6+ 52. Rxf6 Rxb2 53. Ra6 1-0

[Event "Montreal op"]
[Site "Montreal"]
[Date "2017.09.10"]
[Round "4"]
[White "Cazelais, Marc"]
[Black "Johnson Constantin, Matthieu"]
[Result "1-0"]
[WhiteElo "2205"]
[BlackElo "1859"]
[PlyCount "49"]
[EventDate "2017.09.08"]
[EventType "swiss"]
[EventRounds "5"]
[EventCountry "CAN"]
[SourceTitle "CBM 180 Extra"]
[Source "ChessBase"]
[SourceDate "2017.10.06"]
[SourceVersion "1"]
[SourceVersionDate "2017.10.06"]
[SourceQuality "1"]

1. e4 e6 2. d4 d5 3. Bd3 c5 4. exd5 exd5 5. Nf3 c4 6. Be2 Bd6 7. b3 cxb3 8. axb3 Qc7 9. 0-0 Ne7 10. c4 0-0 11. Nc3 Bd7 12. Re1 Bb4 13. Bd2 Bc6 14. Nb5 Bxb5 15. Bxb4 Bc6 16. Bd3 Re8 17. Bxh7+ Kh8 18. Ng5 g6 19. Nxf7+ Kxh7 20. Nd6 Rg8 21. Nb5 Bxb5 22. Rxe7+ Qxe7 23. Bxe7 dxc4 24. Qf3 Nd7 25. bxc4 1-0

[Event "Montreal op"]
[Site "Montreal"]
[Date "2017.09.10"]
[Round "5"]
[White "Johnson Constantin, Matthieu"]
[Black "Leger, Manon"]
[Result "0-1"]
[WhiteElo "1859"]
[BlackElo "1975"]
[PlyCount "58"]
[EventDate "2017.09.08"]
[EventType "swiss"]
[EventRounds "5"]
[EventCountry "CAN"]
[SourceTitle "CBM 180 Extra"]
[Source "ChessBase"]
[SourceDate "2017.10.06"]
[SourceVersion "1"]
[SourceVersionDate "2017.10.06"]
[SourceQuality "1"]

1. e4 e5 2. Nf3 Nf6 3. d3 Nc6 4. h3 d5 5. exd5 Nxd5 6. Bg5 Be7 7. Qd2 f6 8. Bh4 0-0 9. Be2 Nf4 10. 0-0 Nxe2+ 11. Qxe2 Nd4 12. Nxd4 Qxd4 13. Qe4 Qxb2 14. Qc4+ Kh8 15. Nc3 c6 16. Rab1 Qxc2 17. f4 Qd2 18. Ne4 Qe3+ 19. Bf2 Qxf4 20. Bc5 Be6 21. Qxe6 Bxc5+ 22. Kh1 Qe3 23. Rf3 Qd4 24. Nxc5 Qxc5 25. Rxb7 Rab8 26. Rc7 Rb1+ 27. Kh2 Qg1+ 28. Kg3 Rb2 29. Kh4 Rxg2 0-1

[Event "Montreal op"]
[Site "Montreal"]
[Date "2017.09.09"]
[Round "2"]
[White "Sprumont, Oscar"]
[Black "Johnson Constantin, Matthieu"]
[Result "1-0"]
[WhiteElo "2071"]
[BlackElo "1859"]
[PlyCount "93"]
[EventDate "2017.09.08"]
[EventType "swiss"]
[EventRounds "5"]
[EventCountry "CAN"]
[SourceTitle "CBM 180 Extra"]
[Source "ChessBase"]
[SourceDate "2017.10.06"]
[SourceVersion "1"]
[SourceVersionDate "2017.10.06"]
[SourceQuality "1"]

1. c4 Nf6 2. Nf3 b6 3. d4 e6 4. g3 Bb4+ 5. Nc3 Bxc3+ 6. bxc3 0-0 7. Bg2 Bb7 8. 0-0 d6 9. Nd2 Bxg2 10. Kxg2 c5 11. e4 d5 12. cxd5 cxd4 13. cxd4 exd5 14. e5 Ne4 15. Nxe4 dxe4 16. Ba3 Re8 17. Bd6 Nc6 18. f3 exf3+ 19. Qxf3 Qd7 20. Rad1 Rac8 21. Rf2 Na5 22. Bb4 Nc4 23. Bc3 Rc7 24. Qd3 Qd5+ 25. Kg1 h6 26. Qf3 Rd8 27. Rdf1 Qxf3 28. Rxf3 a5 29. Rb1 Rd5 30. a4 Kf8 31. Kf1 Ke7 32. g4 Ke6 33. Ke2 Rb7 34. h4 b5 35. axb5 Rbxb5 36. Rff1 Rxb1 37. Rxb1 Rd7 38. Rb5 Rd5 39. Rb8 Ke7 40. Rb7+ Ke6 41. Rc7 Na3 42. Rc6+ Kd7 43. Ra6 Nc4 44. Kd3 Na3 45. Bxa5 Nb5 46. Bb6 Kc6 47. Bc5+ 1-0

[Event "Montreal Mercredi 08"]
[Site "Montreal"]
[Date "2017.09.06"]
[Round "2"]
[White "Johnson Constantin, Matthieu"]
[Black "Have, Didier"]
[Result "0-1"]
[WhiteElo "2001"]
[BlackElo "1959"]
[PlyCount "56"]
[EventDate "2017.08.30"]
[EventType "swiss"]
[EventRounds "5"]
[EventCountry "CAN"]
[SourceTitle "EXT 2022"]
[Source "ChessBase"]
[SourceDate "2021.10.06"]
[SourceVersion "1"]
[SourceVersionDate "2021.10.06"]
[SourceQuality "1"]

1. e4 d6 2. d4 Nf6 3. f3 Nbd7 4. Be3 e5 5. d5 Be7 6. Ne2 0-0 7. c4 Nh5 8. Nbc3 Bg5 9. Bf2 Be7 10. Qc2 a6 11. Rc1 Nb8 12. a3 f5 13. b4 fxe4 14. Nxe4 Nd7 15. c5 Ndf6 16. cxd6 Bxd6 17. Nxd6 cxd6 18. Nc3 e4 19. fxe4 Ng4 20. Nd1 Bd7 21. Be2 Rxf2 22. Nxf2 Ne3 23. Qd2 Nxg2+ 24. Kf1 Nhf4 25. Bf3 Bb5+ 26. Kg1 Qg5 27. Qc3 Ne3+ 28. Ng4 Nh3# 0-1

[Event "Montreal Mont Royal op"]
[Site "Montreal"]
[Date "2017.07.28"]
[Round "7"]
[White "Durette, Francis"]
[Black "Johnson Constantin, Matthieu"]
[Result "1-0"]
[WhiteElo "2028"]
[BlackElo "1847"]
[PlyCount "73"]
[EventDate "2017.07.22"]
[EventType "swiss"]
[EventRounds "9"]
[EventCountry "CAN"]
[SourceTitle "CBM 179 Extra"]
[Source "ChessBase"]
[SourceDate "2017.08.23"]
[SourceVersion "1"]
[SourceVersionDate "2017.08.23"]
[SourceQuality "1"]

1. c4 Nf6 2. Nc3 g6 3. g3 Bg7 4. Bg2 0-0 5. e4 e5 6. Nge2 d6 7. 0-0 Nc6 8. d3 Ne7 9. h3 c6 10. f4 Qb6+ 11. Kh1 Nh5 12. fxe5 Bxe5 13. g4 Bxc3 14. bxc3 Ng7 15. Ng3 Be6 16. Bf4 Rfd8 17. Qf3 Rd7 18. e5 d5 19. Bh6 Ne8 20. cxd5 cxd5 21. Ne2 Rc8 22. Rf2 Nc6 23. d4 Nd8 24. Rc1 Qa6 25. Nf4 b5 26. Nd3 Nb7 27. Nf4 Nd8 28. Bg5 Nb7 29. Bf1 Rc6 30. Rb1 Nc7 31. h4 Qa5 32. Rb3 b4 33. Rxb4 Na6 34. Rb3 Rdc7 35. Nxe6 Rxe6 36. Rb5 Rxc3 37. Qxf7+ 1-0

[Event "Montreal Mont Royal op"]
[Site "Montreal"]
[Date "2017.07.27"]
[Round "6"]
[White "Johnson Constantin, Matthieu"]
[Black "Steinberg, Ellis"]
[Result "1-0"]
[WhiteElo "1847"]
[BlackElo "1651"]
[PlyCount "95"]
[EventDate "2017.07.22"]
[EventType "swiss"]
[EventRounds "9"]
[EventCountry "CAN"]
[SourceTitle "CBM 179 Extra"]
[Source "ChessBase"]
[SourceDate "2017.08.23"]
[SourceVersion "1"]
[SourceVersionDate "2017.08.23"]
[SourceQuality "1"]

1. e4 g6 2. Nc3 c6 3. g3 Bg7 4. Bg2 d6 5. d4 Nf6 6. Nge2 0-0 7. 0-0 e5 8. h3 Nbd7 9. Be3 Re8 10. Qd2 Nb6 11. b3 Be6 12. a4 Qd7 13. Kh2 Rad8 14. a5 Nc8 15. d5 cxd5 16. exd5 Bf5 17. g4 Bxg4 18. hxg4 Nxg4+ 19. Kg1 Nxe3 20. Qxe3 f5 21. Ra4 b5 22. axb6 Nxb6 23. Ra5 Rc8 24. Rfa1 f4 25. Qe4 Rc7 26. Nb5 Rc5 27. Nxa7 Rxa5 28. Rxa5 Ra8 29. Nc6 Rxa5 30. Nxa5 g5 31. Qb4 Qc7 32. Be4 Nd7 33. Nc6 Nc5 34. Nc3 Bf8 35. f3 Qd7 36. Kh2 g4 37. Qc4 g3+ 38. Kg2 Qb7 39. Qf1 Qb6 40. Qh1 h6 41. Qh5 Nxe4 42. Nxe4 Qe3 43. Qg6+ Kh8 44. Nf6 Qf2+ 45. Kh3 Qh2+ 46. Kg4 h5+ 47. Kg5 Qxc2 48. Qg8# 1-0

[Event "Trois-Riveres op"]
[Site "Trois Rivieres"]
[Date "2017.03.19"]
[Round "5.11"]
[White "Hirschberg, Valerian"]
[Black "Johnson Constantin, Matthieu"]
[Result "1-0"]
[WhiteElo "2353"]
[BlackElo "2073"]
[PlyCount "54"]
[EventDate "2017.03.17"]
[EventType "swiss"]
[EventRounds "5"]
[EventCountry "CAN"]
[SourceTitle "EXT 2022"]
[Source "ChessBase"]
[SourceDate "2021.10.06"]
[SourceVersion "1"]
[SourceVersionDate "2021.10.06"]
[SourceQuality "1"]

1. Nf3 f5 2. d4 Nf6 3. g3 g6 4. Bg2 Bg7 5. 0-0 0-0 6. b3 d6 7. Bb2 c6 8. c4 Qc7 9. Nbd2 Bd7 10. Qc2 Na6 11. a3 Rac8 12. e4 f4 13. Rfe1 Ng4 14. b4 b6 15. Qb3 c5 16. b5 Nb8 17. d5 Bxb2 18. Qxb2 e5 19. dxe6 Bxe6 20. Ng5 Qe7 21. Nxe6 Qxe6 22. e5 Qf5 23. Bd5+ Kg7 24. exd6+ Kh6 25. Be6 Qh5 26. Bxg4 Qxg4 27. Re7 fxg3 1-0

[Event "Montreal Mercredi 02"]
[Site "Montreal"]
[Date "2017.03.15"]
[Round "5"]
[White "Barko, Maxim"]
[Black "Johnson Constantin, Matthieu"]
[Result "0-1"]
[WhiteElo "1903"]
[BlackElo "1913"]
[PlyCount "78"]
[EventDate "2017.02.15"]
[EventType "swiss"]
[EventRounds "5"]
[EventCountry "CAN"]
[SourceTitle "EXT 2022"]
[Source "ChessBase"]
[SourceDate "2021.10.06"]
[SourceVersion "1"]
[SourceVersionDate "2021.10.06"]
[SourceQuality "1"]

1. d4 f5 2. Bg5 Nf6 3. Bxf6 exf6 4. e3 b6 5. Nd2 Bb7 6. h4 d5 7. Bd3 Qd7 8. Qf3 g6 9. h5 Rg8 10. hxg6 hxg6 11. g4 Nc6 12. gxf5 0-0-0 13. fxg6 Qe7 14. Ne2 Kb8 15. a3 Bg7 16. 0-0-0 Na5 17. Ng3 c5 18. Nf5 Qf8 19. Qf4+ Ka8 20. dxc5 bxc5 21. Qc7 c4 22. Be2 Nc6 23. c3 Rc8 24. Qf7 Qc5 25. Nd4 Ne5 26. Qe6 Rb8 27. Rh7 Rbe8 28. Qf5 Bc8 29. Qc2 Re7 30. f4 Ng4 31. Nf1 Nf2 32. Rd2 Ne4 33. Bf3 Nxd2 34. Nxd2 Rb7 35. f5 Bf8 36. Qa4 Rxb2 37. Bxd5+ Bb7 38. Ne6 Rb1+ 39. Nxb1 Qxe3+ 0-1

[Event "Quebec-ch U16"]
[Site "Montreal"]
[Date "2017.03.04"]
[Round "2"]
[White "Johnson Constantin, Matthieu"]
[Black "Turgeon, Yoakim"]
[Result "1-0"]
[WhiteElo "1985"]
[BlackElo "1703"]
[PlyCount "91"]
[EventDate "2017.03.04"]
[EventType "swiss"]
[EventRounds "5"]
[EventCountry "CAN"]
[SourceTitle "EXT 2022"]
[Source "ChessBase"]
[SourceDate "2021.10.06"]
[SourceVersion "1"]
[SourceVersionDate "2021.10.06"]
[SourceQuality "1"]

1. f4 d5 2. Nf3 e6 3. b3 f5 4. Bb2 Nf6 5. e3 Bd6 6. Be2 Qe7 7. d3 Nbd7 8. Ne5 0-0 9. Nd2 Bc5 10. d4 Bd6 11. c4 Ne4 12. Nxe4 fxe4 13. 0-0 c6 14. c5 Bc7 15. Bc3 Nxe5 16. fxe5 Bd7 17. Bg4 Rxf1+ 18. Qxf1 Rf8 19. Qe2 Qg5 20. Be1 Bd8 21. Bg3 Qh6 22. Bf4 Bg5 23. Bxg5 Qxg5 24. b4 g6 25. a4 h5 26. Bh3 Rf3 27. Re1 Rxh3 28. Kh1 Rh4 29. h3 Qg3 30. Rf1 g5 31. Qf2 Qxf2 32. Rxf2 g4 33. Kh2 gxh3 34. gxh3 Be8 35. Kg3 Rxh3+ 36. Kxh3 Bg6 37. Kh4 Kh7 38. Rf6 Kg7 39. Rxe6 Kf7 40. Rf6+ Kg7 41. Kg5 Be8 42. Rh6 Kg8 43. Kf6 Bf7 44. e6 Be8 45. e7 Bf7 46. Rh8+ 1-0

[Event "Montreal Mercredi 02"]
[Site "Montreal"]
[Date "2017.03.01"]
[Round "3"]
[White "Johnson Constantin, Matthieu"]
[Black "Jean, Robert"]
[Result "1-0"]
[WhiteElo "1913"]
[BlackElo "1851"]
[PlyCount "114"]
[EventDate "2017.02.15"]
[EventType "swiss"]
[EventRounds "5"]
[EventCountry "CAN"]
[SourceTitle "EXT 2022"]
[Source "ChessBase"]
[SourceDate "2021.10.06"]
[SourceVersion "1"]
[SourceVersionDate "2021.10.06"]
[SourceQuality "1"]

1. e4 c5 2. Nf3 Nc6 3. d4 cxd4 4. Nxd4 Nf6 5. Nc3 d6 6. Be2 e5 7. Nb3 Be7 8. 0-0 0-0 9. Be3 Be6 10. Re1 d5 11. exd5 Nxd5 12. Nxd5 Qxd5 13. Nc5 Qxd1 14. Rexd1 Bf5 15. c3 b6 16. Bf3 Rac8 17. Nd3 Rfd8 18. Bxc6 Rxc6 19. Nxe5 Rcd6 20. Rxd6 Rxd6 21. Bd4 f6 22. Nc4 Rc6 23. Ne3 Be6 24. a3 Kf7 25. Kf1 f5 26. f4 g6 27. g3 a6 28. Rd1 Bb3 29. Rd2 b5 30. Kf2 Rd6 31. Re2 Re6 32. Be5 Bc5 33. Rd2 Ke8 34. Kf3 h5 35. Ng2 a5 36. Ne3 b4 37. axb4 axb4 38. Nd5 bxc3 39. bxc3 Rc6 40. Nf6+ Ke7 41. Rd7+ Ke6 42. Rb7 Bd1+ 43. Kg2 Be7 44. Ng8 Bc5 45. Nf6 Be7 46. Ng8 Bc5 47. Rg7 Kd5 48. Rd7+ Bd6 49. Rxd6+ Rxd6 50. Ne7+ Ke6 51. Bxd6 Kxd6 52. Nxg6 Kc5 53. Ne5 Bc2 54. Kh3 Bd1 55. Kh4 Be2 56. Kg5 Bg4 57. Nxg4 hxg4 1-0

[Event "Montreal CMA Futurity ABCD"]
[Site "Montreal"]
[Date "2017.02.12"]
[Round "4"]
[White "Johnson Constantin, Matthieu"]
[Black "Villeneuve, Robert"]
[Result "1/2-1/2"]
[WhiteElo "1822"]
[BlackElo "1859"]
[PlyCount "69"]
[EventDate "2017.02.10"]
[EventType "swiss"]
[EventRounds "5"]
[EventCountry "CAN"]
[SourceTitle "EXT 2022"]
[Source "ChessBase"]
[SourceDate "2021.10.06"]
[SourceVersion "1"]
[SourceVersionDate "2021.10.06"]
[SourceQuality "1"]

1. e4 c5 2. Nf3 d6 3. d4 cxd4 4. Nxd4 Nf6 5. Nc3 g6 6. f3 Nc6 7. Be3 Bg7 8. Qd2 0-0 9. 0-0-0 Nxd4 10. Bxd4 Be6 11. Kb1 Qc7 12. g4 Rfc8 13. h4 Qa5 14. a3 Rab8 15. h5 b5 16. hxg6 hxg6 17. Nd5 Qxd2 18. Rxd2 Nxd5 19. Bxg7 Kxg7 20. exd5 Bd7 21. Rdh2 Rg8 22. g5 Rbc8 23. Rh7+ Kf8 24. R1h4 Rc5 25. Rd4 Bf5 26. Bd3 Bxd3 27. Rxd3 Ke8 28. a4 bxa4 29. Rh4 Kd7 30. Rxa4 a5 31. c3 Rh8 32. b4 Rb8 33. Ka2 axb4 34. cxb4 Rcb5 35. Kb3 1/2-1/2

[Event "Montreal Mercredi 11"]
[Site "Montreal"]
[Date "2016.11.30"]
[Round "3"]
[White "Singher, Jean Pierre"]
[Black "Johnson Constantin, Matthieu"]
[Result "1-0"]
[WhiteElo "2021"]
[BlackElo "1914"]
[PlyCount "32"]
[EventDate "2016.11.16"]
[EventType "swiss"]
[EventRounds "5"]
[EventCountry "CAN"]
[SourceTitle "EXT 2022"]
[Source "ChessBase"]
[SourceDate "2021.10.06"]
[SourceVersion "1"]
[SourceVersionDate "2021.10.06"]
[SourceQuality "1"]

1. d4 f5 2. c4 Nf6 3. Nc3 g6 4. Qc2 Bg7 5. e4 d6 6. exf5 Bxf5 7. Bd3 Bxd3 8. Qxd3 Nc6 9. Nf3 Qd7 10. d5 Nb4 11. Qe2 Qg4 12. h3 Qh5 13. a3 Na6 14. Bg5 0-0 15. 0-0-0 Bh6 16. Qe3 Rae8 1-0

[Event "Montreal op U2000"]
[Site "Montreal"]
[Date "2016.09.10"]
[Round "3.28"]
[White "Tsypin, Allison"]
[Black "Johnson Constantin, Matthieu"]
[Result "0-1"]
[WhiteElo "1508"]
[BlackElo "1858"]
[PlyCount "84"]
[EventDate "2016.09.09"]
[EventType "swiss"]
[EventRounds "5"]
[EventCountry "CAN"]
[SourceTitle "EXT 2022"]
[Source "ChessBase"]
[SourceDate "2021.10.06"]
[SourceVersion "1"]
[SourceVersionDate "2021.10.06"]
[SourceQuality "1"]

1. e4 e6 2. d4 d5 3. Nc3 Bb4 4. e5 c5 5. a3 Bxc3+ 6. bxc3 Nc6 7. Nf3 Qc7 8. Be2 Nge7 9. 0-0 Bd7 10. a4 cxd4 11. cxd4 Na5 12. Ba3 Nc4 13. Bxe7 Kxe7 14. Nd2 Nb2 15. Qb1 Qc3 16. Nf3 Rhc8 17. Bd3 h6 18. Ra2 Nxa4 19. Qxb7 Rcb8 20. Qa6 Rb6 21. Rxa4 Rxa6 22. Rxa6 Bc8 23. Raa1 a5 24. Ra2 Ba6 25. Bxa6 Rxa6 26. Rfa1 Kd7 27. h3 Kc6 28. Kh2 a4 29. Kg3 a3 30. Kh2 Ra7 31. Kg3 Kb5 32. Rb1+ Ka4 33. Rb3 Qxb3 34. cxb3+ Kxb3 35. Rxa3+ Rxa3 36. Ne1 Kc4+ 37. Kf4 Rd3 38. Nf3 Rxf3+ 39. Kxf3 Kxd4 40. Kf4 Kc3 41. Ke3 d4+ 42. Ke2 Kc2 0-1

[Event "Quebec-ch op"]
[Site "Montreal"]
[Date "2016.07.27"]
[Round "6"]
[White "Johnson Constantin, Matthieu"]
[Black "Saine, Zachary"]
[Result "0-1"]
[WhiteElo "1869"]
[BlackElo "1680"]
[PlyCount "58"]
[EventDate "2016.07.23"]
[EventType "swiss"]
[EventRounds "8"]
[EventCountry "CAN"]
[SourceTitle "CBM 173 Extra"]
[Source "ChessBase"]
[SourceDate "2016.08.29"]
[SourceVersion "1"]
[SourceVersionDate "2016.08.29"]
[SourceQuality "1"]

1. d4 d5 2. Nf3 e6 3. g3 Nf6 4. Bg2 c5 5. e3 Nc6 6. 0-0 Bd6 7. c4 0-0 8. b3 b6 9. Bb2 Ba6 10. Nbd2 Na5 11. Ne5 Rc8 12. Re1 cxd4 13. exd4 dxc4 14. bxc4 Bxc4 15. Bc3 Bd5 16. Bxa5 bxa5 17. Bxd5 Nxd5 18. a3 Rc3 19. Qa4 Bxe5 20. Rxe5 Qc7 21. Ne4 Rc4 22. Qd1 Rc8 23. Kg2 Rc1 24. Rxc1 Qxc1 25. Qa4 Qc4 26. Qd7 Qc6 27. Qxa7 f6 28. Rh5 f5 29. Rg5 Nc7 0-1

[Event "Laval op"]
[Site "Laval"]
[Date "2016.06.24"]
[Round "2.15"]
[White "Johnson Constantin, Matthieu"]
[Black "Beaulieu, Pierre"]
[Result "1/2-1/2"]
[WhiteElo "1869"]
[BlackElo "1781"]
[PlyCount "99"]
[EventDate "2016.06.23"]
[EventType "swiss"]
[EventRounds "7"]
[EventCountry "CAN"]
[SourceTitle "EXT 2022"]
[Source "ChessBase"]
[SourceDate "2021.10.06"]
[SourceVersion "1"]
[SourceVersionDate "2021.10.06"]
[SourceQuality "1"]

1. d4 Nf6 2. c4 g6 3. Nc3 Bg7 4. e4 d6 5. f3 Nbd7 6. Be3 e5 7. d5 a5 8. Bd3 Nc5 9. Bc2 Bd7 10. a3 Rb8 11. Qd2 0-0 12. Nge2 Ne8 13. 0-0-0 f5 14. b4 axb4 15. axb4 Na6 16. Na4 b5 17. cxb5 Bxb5 18. Nec3 Nxb4 19. Nxb5 Rxb5 20. Bb3 Qa8 21. Kb2 fxe4 22. Nc3 Rb7 23. fxe4 Kh8 24. Ra1 Qb8 25. Ra3 c5 26. dxc6 Nxc6 27. Ka2 Nd4 28. Bd5 Ra7 29. Rb1 Rxa3+ 30. Kxa3 Qa7+ 31. Na4 Nf6 32. Bxd4 Qxd4 33. Qxd4 exd4 34. Nb6 Ng4 35. Nc4 Rd8 36. Nxd6 Rxd6 37. Rb8+ Bf8 38. Rxf8+ Kg7 39. Rf7+ Kh6 40. Kb4 d3 41. Kc3 Ne3 42. Kxd3 Nxd5 43. exd5 Rxd5+ 44. Ke3 g5 45. g4 Kg6 46. Rf3 Rc5 47. h3 h5 48. Kf2 Rc4 49. gxh5+ Kxh5 50. Kg3 1/2-1/2

[Event "Montreal Mercredi 03"]
[Site "Montreal"]
[Date "2016.04.27"]
[Round "5"]
[White "Johnson Constantin, Matthieu"]
[Black "Brassard, Sylvain"]
[Result "1/2-1/2"]
[WhiteElo "1848"]
[BlackElo "1809"]
[PlyCount "87"]
[EventDate "2016.03.30"]
[EventType "swiss"]
[EventRounds "5"]
[EventCountry "CAN"]
[SourceTitle "EXT 2022"]
[Source "ChessBase"]
[SourceDate "2021.10.06"]
[SourceVersion "1"]
[SourceVersionDate "2021.10.06"]
[SourceQuality "1"]

1. d4 d5 2. c4 Nc6 3. Nf3 Bg4 4. cxd5 Qxd5 5. Nc3 Qa5 6. e3 e6 7. Be2 Bb4 8. Bd2 Nge7 9. a3 Bxc3 10. bxc3 Qd5 11. c4 Qd7 12. Bc3 0-0 13. 0-0 f6 14. Qc2 Bh5 15. Rfd1 Qe8 16. Qb2 b6 17. Rac1 Nd8 18. e4 Nf7 19. d5 e5 20. c5 Bxf3 21. Bxf3 Ng5 22. d6 Nxf3+ 23. gxf3 cxd6 24. cxd6 Ng6 25. Qb3+ Qf7 26. Qxf7+ Kxf7 27. a4 Ke6 28. Bb4 Rfd8 29. d7 Ne7 30. Rc7 a5 31. Ba3 Rab8 32. Rd6+ Kf7 33. Kf1 Ng6 34. Rdc6 Ne7 35. Rc2 Ke6 36. Rd2 Kf7 37. Ra7 Nc6 38. Rc7 Nd4 39. Rd3 Ke6 40. Bb2 Rxd7 41. Rxd7 Kxd7 42. Bxd4 exd4 43. Rxd4+ Kc6 44. Ke2 1/2-1/2